Score 0/20 Timer 02:00
2 Plays Today
Network Word % Correct
_____ TelevisionMusic
95.3%
_____ Broadcasting ServicePublic
93.2%
Entertainment and _____ Programming NetworkSports
93.1%
_____ Broadcasting CompanyAmerican
90.1%
American _____ ClassicsMovie
87.9%
_____ Broadcasting CorporationBritish
87.8%
Cable _____ NetworkNews
87.2%
_____ Broadcasting CompanyNational
84.6%
Home Box _____Office
84.2%
_____ Entertainment TelevisionBlack
77.6%
Network Word % Correct
_____ Hits OneVideo
77.5%
_____ Sports NetFox
76.9%
_____ Value, and ConvenienceQuality
76.7%
_____ Show NetworkGame
74.6%
CBS-_____ BrothersWarner
73.6%
Home _____ NetworkShopping
72.3%
Turner _____ TelevisionNetwork
69.7%
_____ and EntertainmentArts
62.9%
Columbia Broadcasting _____System
53%
Consumer News and _____ ChannelBusiness
51.9%

Today's Daily Dose

You're not logged in!

Compare scores with friends on all Sporcle quizzes.
OR
Log In

Sporcle TV

Today on Sporcle TV


Watch our educational content, quiz creation guides, and fun videos on Sporcle TV.

Show Comments

Extras

Top Quizzes Today


Score Distribution

Paid Content

Your Account Isn't Verified!

In order to create a playlist on Sporcle, you need to verify the email address you used during registration. Go to your Sporcle Settings to finish the process.

Report this User

Report this user for behavior that violates our Community Guidelines.

Details: